Money Picture Quiz - Statistics

General Stats
  • This quiz has been taken 91 times
  • The average score is 9 of 15
Answer Stats
Picture Answer % Correct
United Kingdom
94%
China
85%
United States
76%
Much of Europe
71%
Denmark
69%
Russia
69%
Israel
68%
Switzerland
64%
Mexico
59%
Iran
58%
Hungary
54%
Zimbabwe
47%
Tanzania
46%
New Zealand
44%
Cuba
36%
No matching quizzes found
Score Distribution
Percent of People with Each Score
Percentile by Number Answered
Your Score History
You have not taken this quiz